MARC-Details
| 000 -Satzkennung |
| Kontrollfeld mit fester Länge |
03198cam a2200757 4500 |
| 001 - Kontrollnummer |
| Kontrollfeld |
87402742X |
| 003 - Kontrollnummer Identifier |
| Kontrollfeld |
DE-627 |
| 005 - Datum und Zeit der letzten Transaktion |
| Kontrollfeld |
20220104141715.0 |
| 007 - Feld mit fester Länge zur physischen Beschreibung - Allgemeine Information |
| Kontrollfeld mit fester Länge |
tu |
| 008 - Feld mit fester Länge zur physischen Beschreibung - Allgemeine Angaben |
| Kontrollfeld mit fester Länge |
161207s2017 gw ||||| m 00| ||ger c |
| 015 ## - Nummer der Nationalbibliografie |
| Nummer der Nationalbibliografie |
16,N49 |
| Quelle |
dnb |
| 016 7# - Kontrollnummer der nationalbibliografischen Agentur |
| Datensatzkontrollnummer |
1120421934 |
| Quelle |
DE-101 |
| 020 ## - Internationale Standardbuchnummer |
| Internationale Standardbuchnummer |
9783412506230 |
| Bezugsbedingungen |
Festeinband : circa EUR 40.00 (DE), circa EUR 42.00 (AT) |
| 020 ## - Internationale Standardbuchnummer |
| Internationale Standardbuchnummer |
3412506230 |
| 024 3# - Anderer Standardidentifier |
| Standardnummer oder Code |
9783412506230 |
| 035 ## - Systemkontrollnummer |
| System-Kontrollnummer |
(DE-627)87402742X |
| 035 ## - Systemkontrollnummer |
| System-Kontrollnummer |
(DE-576)484485482 |
| 035 ## - Systemkontrollnummer |
| System-Kontrollnummer |
(DE-599)DNB1120421934 |
| 035 ## - Systemkontrollnummer |
| System-Kontrollnummer |
(OCoLC)965624925 |
| 035 ## - Systemkontrollnummer |
| System-Kontrollnummer |
(OCoLC)965624925 |
| 035 ## - Systemkontrollnummer |
| System-Kontrollnummer |
(OCoLC)1013585699 |
| 035 ## - Systemkontrollnummer |
| System-Kontrollnummer |
(DE-101)1120421934 |
| 040 ## - Katalogisierungsquelle |
| Original-Katalogisierungsstelle |
DE-627 |
| Katalogisierungssprache |
ger |
| Übertragungsstelle |
DE-627 |
| Beschreibungsfestlegungen |
rda |
| Bearbeitungsstelle |
DE-2950 |
| 041 ## - Sprachcode |
| Sprachcode des Textes/der Tonspur oder des separaten Titels |
ger |
| 044 ## - Ländercode der veröffentlichenden/herstellenden Stelle |
| ISO-Ländercode |
XA-DE |
| -- |
XA-AT |
| -- |
XA-DE-NW |
| 082 0# - Notation nach der Dewey Decimal Classification |
| Notation |
338.63209493509024 |
| Zuweisende Stelle |
DE-101 |
| Ausgabenummer |
22/ger |
| 082 0# - Notation nach der Dewey Decimal Classification |
| Notation |
330 |
| Zuweisende Stelle |
DE-101 |
| Ausgabenummer |
23sdnb |
| 082 0# - Notation nach der Dewey Decimal Classification |
| Notation |
940 |
| Zuweisende Stelle |
DE-101 |
| Ausgabenummer |
23sdnb |
| 082 04 - Notation nach der Dewey Decimal Classification |
| Notation |
940 |
| Zuweisende Stelle |
DE-101 |
| 084 ## - Andere Notation |
| Notation |
NM 7250 |
| Zuweisende Stelle |
BVB |
| Quelle der Nummer |
rvk |
| IDN des Normdatensatzes oder Standardnummer |
(DE-625)rvk/126405: |
| 084 ## - Andere Notation |
| Notation |
NR 1800 |
| Zuweisende Stelle |
BVB |
| Quelle der Nummer |
rvk |
| IDN des Normdatensatzes oder Standardnummer |
(DE-625)rvk/129177: |
| 084 ## - Andere Notation |
| Notation |
NR 8655 |
| Zuweisende Stelle |
DE-14/sred |
| Quelle der Nummer |
rvk |
| IDN des Normdatensatzes oder Standardnummer |
(DE-625)rvk/130099: |
| 084 ## - Andere Notation |
| Notation |
NW 7800 |
| Quelle der Nummer |
rvk |
| IDN des Normdatensatzes oder Standardnummer |
(DE-625)rvk/132300: |
| 084 ## - Andere Notation |
| Notation |
15.63 |
| Quelle der Nummer |
bkl |
| 084 ## - Andere Notation |
| Notation |
83.67 |
| Quelle der Nummer |
bkl |
| 084 ## - Andere Notation |
| Notation |
15.33 |
| Quelle der Nummer |
bkl |
| 090 ## - LOCALLY ASSIGNED LC-TYPE CALL NUMBER (OCLC); LOCAL CALL NUMBER (RLIN) |
| Notation (OCLC) (R) ; Notation, CALL (RLIN) (NR) |
a |
| 100 1# - Haupteintragung - Personenname |
| Personenname |
Jullien, Eva |
| Datumsangaben in Verbindung mit einem Namen |
1984- |
| Funktionsbezeichnung |
VerfasserIn |
| IDN des Normdatensatzes oder Standardnummer |
(DE-588)1127070363 |
| -- |
(DE-627)881453366 |
| -- |
(DE-576)484886061 |
| Code für Beziehungskennzeichnung |
aut |
| 245 14 - Titel |
| Titel |
Die Handwerker und Zünfte der Stadt Luxemburg im Spätmittelalter / |
| Verfasserangabe etc. |
von Eva Jullien |
| 264 #1 - Produktion, Veröffentlichung, Distribution, Herstellung und Urheberrechtsvermerk |
| Herstellungs-, Veröffentlichungs- Vertriebs-, Erzeugungsort |
Köln; |
| -- |
Weimar; |
| -- |
Wien: |
| Produzent, Herausgeber, Distributor, Hersteller |
Böhlau Verlag, |
| Datum der Herstellung, der Veröffentlichung, des Vertriebs oder des Urheberschutzvermerks |
2017. |
| 300 ## - Physische Beschreibung |
| Umfang |
320 Seiten: |
| Andere physische Details |
Diagramme, Karten. |
| Maße |
24 cm x 17 cm |
| 336 ## - Inhaltstyp |
| Inhaltstypterm |
Text |
| Inhaltstypcode |
txt |
| Quelle |
rdacontent |
| 337 ## - Medientyp |
| Bezeichnung des Medientyps |
ohne Hilfsmittel zu benutzen |
| Medientypcode |
n |
| Quelle |
rdamedia |
| 338 ## - Datenträgertyp |
| Datenträgertypbezeichnung |
Band |
| Datenträgertypcode |
nc |
| Quelle |
rdacarrier |
| 490 1# - Gesamttitelangabe |
| Gesamttitelangabe |
Städteforschung |
| -- |
Reihe A, Darstellungen; |
| Bandnummer/Folgebezeichnung |
Band 96. |
| 500 ## - Allgemeine Fußnote |
| Allgemeine Fußnote |
Quellen- und Literaturverzeichnis: Seite [258]-288 |
| 502 ## - Dissertationsvermerk |
| Art des Abschlusses |
Dissertation |
| Name der Institution, die den akademischen Grad verleiht |
Universität Luxemburg |
| Graduierungsjahr |
2014 |
| 655 #7 - Indexierungsterm - Genre/Form |
| Genre/Form oder fokussierter Term |
Hochschulschrift |
| IDN des Normdatensatzes oder Standardnummer |
(DE-588)4113937-9 |
| -- |
(DE-627)105825778 |
| -- |
(DE-576)209480580 |
| Quelle der Ansetzung oder des Terms |
gnd-content |
| 951 ## - EQUIVALENCE OR CROSS-REFERENCE--GEOGRAPHIC NAME/AREA NAME [OBSOLETE] [CAN/MARC only] |
| Geografischer Name |
BO |
| 700 1# - Nebeneintragung - Personenname |
| Personenname |
Pauly, Michel |
| Datumsangaben in Verbindung mit einem Namen |
1952- |
| Funktionsbezeichnung |
AkademischeR BetreuerIn |
| IDN des Normdatensatzes oder Standardnummer |
(DE-588)131758454 |
| -- |
(DE-627)688152066 |
| -- |
(DE-576)169324095 |
| Code für Beziehungskennzeichnung |
dgs |
| 710 2# - Nebeneintragung - Körperschaftsname |
| Körperschafts- oder Gebietskörperschaftsname als Eintragungselement |
Böhlau-Verlag |
| Sonstige Informationen |
Köln |
| Funktionsbezeichnung |
Verlag |
| IDN des Normdatensatzes oder Standardnummer |
(DE-588)2005806-8 |
| -- |
(DE-627)101534051 |
| -- |
(DE-576)191613037 |
| Code für Beziehungskennzeichnung |
pbl |
| 710 2# - Nebeneintragung - Körperschaftsname |
| Körperschafts- oder Gebietskörperschaftsname als Eintragungselement |
Université du Luxembourg |
| Funktionsbezeichnung |
Grad-verleihende Institution |
| IDN des Normdatensatzes oder Standardnummer |
(DE-588)16033783-5 |
| -- |
(DE-627)613341252 |
| -- |
(DE-576)313276846 |
| Code für Beziehungskennzeichnung |
dgg |
| 751 ## - Nebeneintragung - Geografischer Name |
| Geografischer Name |
Luxemburg, Stadt |
| IDN des Normdatensatzes oder Standardnummer |
(DE-588)4036729-0 |
| -- |
(DE-627)106241125 |
| -- |
(DE-576)209020105 |
| Code für Beziehungskennzeichnung |
uvp |
| 776 08 - Andere physische Form |
| Verweisungsphrase |
Erscheint auch als |
| Fußnote |
Online-Ausgabe |
| Haupteintragung |
Jullien, Eva, 1984 - |
| Titel |
Die Handwerker und Zünfte der Stadt Luxemburg im Spätmittelalter |
| Ort, Verlag und Erscheinungsjahr |
Köln : Böhlau, 2017 |
| Physische Beschreibung |
1 Online-Ressource (288 Seiten) |
| Datensatzkontrollnummer |
(DE-627)1656471418 |
| -- |
(DE-576)494420561 |
| Internationale Standardbuchnummer |
9783412508654 |
| 830 #0 - Nebeneintragung unter dem Gesamttitel - Einheitstitel |
| Einheitstitel |
Städteforschung / A |
| Bandnummer/Folgebezeichnung |
Band 96 |
| Koha-Normdatenidentnummer |
96 |
| Datensatzkontrollnummer |
(DE-627)130159506 |
| -- |
(DE-576)015701735 |
| -- |
(DE-600)517592-6 |
| Internationale Standardseriennummer |
2748-4564 |
| 856 42 - Elektronische Adresse und Zugriff |
| URL |
<a href="https://d-nb.info/1120421934/04">https://d-nb.info/1120421934/04</a> |
| Spezifische Materialangaben |
Inhaltsverzeichnis |
| 856 42 - Elektronische Adresse und Zugriff |
| URL |
<a href="http://d-nb.info/1120421934/04">http://d-nb.info/1120421934/04</a> |
| Kontaktstelle für Hilfe beim Zugriff |
B:DE-101 |
| Elektronisches Format |
application/pdf |
| Spezifische Materialangaben |
Inhaltsverzeichnis |
| 936 rv - OCLC/CONSER MISCELLANEOUS DATA (OCLC); PIECE USED FOR CATALOGING (pre-AACR2) (RLIN) |
| OCLC control number(s) of parallel record(s) (OCLC); Piece used for cataloging, PUC (RLIN) |
NM 7250 |
| 936 rv - OCLC/CONSER MISCELLANEOUS DATA (OCLC); PIECE USED FOR CATALOGING (pre-AACR2) (RLIN) |
| OCLC control number(s) of parallel record(s) (OCLC); Piece used for cataloging, PUC (RLIN) |
NR 1800 |
| 936 rv - OCLC/CONSER MISCELLANEOUS DATA (OCLC); PIECE USED FOR CATALOGING (pre-AACR2) (RLIN) |
| OCLC control number(s) of parallel record(s) (OCLC); Piece used for cataloging, PUC (RLIN) |
NR 8655 |
| 936 rv - OCLC/CONSER MISCELLANEOUS DATA (OCLC); PIECE USED FOR CATALOGING (pre-AACR2) (RLIN) |
| OCLC control number(s) of parallel record(s) (OCLC); Piece used for cataloging, PUC (RLIN) |
NW 7800 |
| 936 bk - OCLC/CONSER MISCELLANEOUS DATA (OCLC); PIECE USED FOR CATALOGING (pre-AACR2) (RLIN) |
| OCLC control number(s) of parallel record(s) (OCLC); Piece used for cataloging, PUC (RLIN) |
15.63 |
| 936 bk - OCLC/CONSER MISCELLANEOUS DATA (OCLC); PIECE USED FOR CATALOGING (pre-AACR2) (RLIN) |
| OCLC control number(s) of parallel record(s) (OCLC); Piece used for cataloging, PUC (RLIN) |
83.67 |
| 936 bk - OCLC/CONSER MISCELLANEOUS DATA (OCLC); PIECE USED FOR CATALOGING (pre-AACR2) (RLIN) |
| OCLC control number(s) of parallel record(s) (OCLC); Piece used for cataloging, PUC (RLIN) |
15.33 |
| 942 ## - Zusätzliche Felder (Koha) |
| Klassifikation oder Aufstellungssystematik |
Andere/Generische Klassifikation |
| Koha-Medientyp |
Bücher |